00730nam a2200241 i 4500001000300000100002300003245004900026260004900075300002800124504001400152650001600166655003000182020001500212040000800227041000800235080001500243920001800258942000700276008004100283999001700324856009800341952004900439bg1 aOCHODEK, Bolesław10aWstęp do informatyki /cBolesław Ochodek. aPiła ;a[Białe Błota :b"Markar"],c2002. a157 s. :bil. ;c21 cm. aBibliogr. 9aInformatyka aPodręczniki akademickie a8391619850 cBPK0 apol a004(075.8) a83-916198-5-0 cKS s pl f |000 0 pol  c44045d44045 uhttp://koha.tu.koszalin.pl/cgi-bin/koha/opac-detail.pl?biblionumber=44045yKatalog online BPK 00104070aBPKbBPKcwo70706p02150703yKS